| 000 | 00374cam a2200133u 4500 | ||
|---|---|---|---|
| 082 |
_a629.287 _bJUD _cL-17, P-22 |
||
| 100 | 1 |
_aJudge, Arthur William, _941723 |
|
| 245 | 1 | 0 | _aMotor vehicle engine servicing. |
| 260 |
_aLondon, _bPitman _c[1950] |
||
| 300 |
_avii, 365 p. _billus. _c20 cm. |
||
| 526 |
_a0 _b0 _c0 _d629_287000000000000_JUD |
||
| 650 | 0 |
_aMCE _9379 |
|
| 942 |
_2ddc _cBK |
||
| 999 |
_c548221 _d548221 |
||